000
00275nam a22001217a 4500
008
170807b xxu||||| |||| 00| 0 eng d
041
_a
eng
080
_2
2ND
_a
004
100
_a
33
101
_a
SHK
245
_a
OBJECT-ORIENTED ANALYSIS & DESIGN
_c
BOOCH,G
942
_2
udc
_c
BK
999
_c
22780
_d
22780